Govt. of
Madhya Pradesh

The Sky of Undian History :Themes and Thought of Rabindranath Tagore (Record no. 63303)

MARC details
000 -LEADER
fixed length control field 00293nam a22001097a 4500
082 ## - DEWEY DECIMAL CLASSIFICATION NUMBER
Classification number 100
100 ## - MAIN ENTRY--AUTHOR NAME
Personal name Stephen Jeyaseela
245 ## - TITLE STATEMENT
Title The Sky of Undian History :Themes and Thought of Rabindranath Tagore
260 ## - PUBLICATION, DISTRIBUTION, ETC. (IMPRINT)
Place of publication Delhi
Name of publisher UBS Pub
Year of publication 2010
650 ## - SUBJECT ADDED ENTRY--TOPICAL TERM
Topical Term Philosophy
942 ## - ADDED ENTRY ELEMENTS (KOHA)
Koha item type Books
Holdings
Withdrawn status Lost status Damaged status Not for loan Home library Current library Date acquired Cost, normal purchase price Full call number Accession Number Price effective from Koha item type
        MACL MACL 19/09/2020 595.00 100 CRE027787 19/09/2020 Books